[Event "14th Euro Indiv 2013"]
[Site "Legnica POL"]
[Date "2013.05.13"]
[Round "8.61"]
[White "Drozdowski,K"]
[Black "Oleksienko,M"]
[Result "1/2-1/2"]
[WhiteElo "2435"]
[BlackElo "2565"]

1.e4 c5 2.Nf3 d6 3.Bb5+ Nd7 4.d4 cxd4 5.Qxd4 a6 6.Bxd7+ Bxd7 7.O-O Rc8 8.Bg5 h6
9.Bh4 Bg4 10.Nbd2 Qd7 11.e5 dxe5 12.Qxe5 f6 13.Qe3 Qe6 14.Qa3 Qc6 15.Nd4 Qd5
16.Qd3 g5 17.Bg3 e5 18.Qg6+ Kd8 19.N4b3 h5 20.c4 Qd7 21.Qe4 h4 22.Bxe5 fxe5
23.Qxe5 Qg7 24.Qa5+ Rc7 25.Rfe1 Ne7 26.Ne4 Nc6 27.Qb6 Kc8 28.Nbc5 Bxc5 29.Nxc5 Qf6
30.Re3 h3 31.Rae1 Rd8 32.Nxa6 bxa6 33.Qxa6+ Rb7 34.Rb3 Qf7 35.Qxc6+ Qc7 36.Qe4 Bd7
37.Rxb7 Qxb7 38.Qxb7+ Kxb7 39.f3 hxg2 40.Kxg2 Bc6 41.Kg3 Rd3 42.Rf1 Rd4 43.f4 gxf4+
44.Rxf4 Rd3+ 45.Kg4 Rd2 46.b4 Rxh2 47.b5 Bd7+ 48.Kg3 Rxa2 49.Rf7 Kc8 50.b6 Rd2
51.c5 Kb7 52.Re7 Rd5 53.Kf4 Kc6 54.Re5 Rd1 55.Ke3 Bh3 56.Ke2 Rd8 57.Ke3 Bg2
58.Rg5 Bh1 59.Rg1 Bd5 60.Rc1 Rh8 61.Kd4 Rh4+ 62.Kd3 Rg4 63.Ke3 Bc4 64.Rb1 Bb5
65.Rc1 Rb4 66.Rc2 Kd5 67.Rc1 Bc4 68.c6 Rb3+ 69.Kf2 Rxb6 70.c7 Rc6 71.Rd1+ Ke6
72.Ke3 Rxc7 73.Rc1 Kd5 74.Rd1+ Kc5 75.Rd2 Re7+ 76.Kf2 Bd5 77.Rd1 Kd6 78.Re1 Be4
79.Ke3 Ke5 80.Ra1 Rh7 81.Ra5+ Bd5 82.Rb5 Rh3+ 83.Kf2 Ra3 84.Rb4 Be4 85.Rb2 Kf4
86.Re2 Rh3 87.Ke1 Bd3 88.Rf2+ Ke3 89.Re2+ Kd4 90.Rf2 Kc3 91.Rf4 Rh2 92.Rf3 Ra2
93.Re3 Kd4 94.Rf3 Kc3 95.Re3 Rb2 96.Rf3 Re2+ 97.Kf1 Kd4 98.Kg1 Ra2 99.Rf2 Ra1+
100.Kg2 Be4+ 101.Kg3 Ke3 102.Rf6 Rg1+ 103.Kh4 Bg6 104.Rf8 Ke4 105.Rf2 Bf5
106.Kh5 Rg4 107.Rb2 Rg8 108.Kh4 Kf3 109.Kh5 Be4 110.Ra2 Kf4 111.Rf2+ Ke5
112.Kh4 Bf5 113.Rf3 Kf6 114.Rf4 Rg2 115.Rf3 Rg1 116.Rf2 Rg4+ 117.Kh3 Ra4+  1/2-1/2

[Event "14th Euro Indiv 2013"]
[Site "Legnica POL"]
[Date "2013.05.13"]
[Round "8.121"]
[White "Hristodoulou,P"]
[Black "Goumas,G"]
[Result "1/2-1/2"]
[WhiteElo "2219"]
[BlackElo "2410"]

1.e4 c5 2.Nf3 d6 3.Bb5+ Nc6 4.O-O Bd7 5.Re1 Nf6 6.c3 a6 7.Bf1 Bg4 8.d4 cxd4
9.cxd4 d5 10.e5 Ng8 11.Nc3 e6 12.Be3 Nge7 13.Be2 Nf5 14.Rc1 Bb4 15.a3 Ba5
16.Qd2 O-O 17.h3 Bxf3 18.Bxf3 Bb6 19.Ne2 Na5 20.Rc3 Nc4 21.Qc1 Rc8 22.Bg4 Ncxe3
23.fxe3 Nh6 24.Bf3 Nf5 25.Bg4 Nh6 26.Bf3 Nf5 27.Bg4  1/2-1/2

[Event "14th Euro Indiv 2013"]
[Site "Legnica POL"]
[Date "2013.05.13"]
[Round "8.85"]
[White "Hnydiuk,A"]
[Black "Cheparinov,I"]
[Result "0-1"]
[WhiteElo "2409"]
[BlackElo "2700"]

1.e4 c5 2.Nf3 d6 3.Bb5+ Nd7 4.c3 Nf6 5.Qe2 a6 6.Ba4 e5 7.O-O Be7 8.d4 b5
9.Bc2 cxd4 10.cxd4 Bb7 11.a3 O-O 12.Nc3 Rc8 13.Rd1 Qc7 14.h3 Rfe8 15.Be3 Bf8
16.d5 Nb6 17.Nd2 Nfd7 18.Rac1 Qb8 19.Bb1 Rc7 20.Na2 Rec8 21.Rxc7 Rxc7 22.Rc1 f5
23.Rxc7 Qxc7 24.f3 Na4 25.Nb3 Nf6 26.Qd2 fxe4 27.fxe4 Bc8 28.Nb4 Qf7 29.Qc2 Bd7
30.Nxa6 Qg6 31.Kf1 Nh5 32.Nb8 Be8 33.Nc6 Qf6+ 34.Kg1 Bg6 35.Qd2 Ng3 36.Bd3 Nxe4
37.Qc2 Qh4 38.Nd2 Qe1+ 39.Nf1 Ng3 40.Qc1 Qxc1 41.Bxc1 Bxd3 42.Nxg3 Nb6  0-1

[Event "14th Euro Indiv 2013"]
[Site "Legnica POL"]
[Date "2013.05.13"]
[Round "8.93"]
[White "Szwed,J"]
[Black "Matinian,N"]
[Result "1/2-1/2"]
[WhiteElo "2354"]
[BlackElo "2491"]

1.e4 c5 2.Nf3 d6 3.Bb5+ Nd7 4.d4 cxd4 5.Qxd4 a6 6.Bxd7+ Bxd7 7.c4 e5 8.Qd3 b5
9.Nc3 bxc4 10.Qxc4 Nf6 11.Bg5 Be7 12.O-O O-O 13.Bxf6 Bxf6 14.Rfd1 Qb8 15.b3 Rc8
16.Qd3 Be6 17.Nd5 Bd8 18.Nd2 Ra7 19.Rac1 h6 20.Rxc8 Qxc8 21.Nc4 Qc5 22.Nxd6 Bg4
23.Nc4 Bxd1 24.Qxd1 a5 25.Nxe5 Ra6 26.g3 Re6 27.Nf4 Rd6 28.Nd5 Re6 29.Nf4 Re8
30.Nc4 Bb6 31.Qf3 Ba7 32.Kg2 Qd4 33.Nxa5 Qxe4 34.Qxe4 Rxe4 35.Nc6 Bc5 36.Kf3 f5
37.Nd3 Ba3 38.Na5 g5 39.h3 Rd4 40.Ke3 Rd8 41.b4 Rb8 42.Kd4 h5 43.Kc3 f4 44.gxf4 g4
45.h4 Re8 46.Nc4 Rc8 47.Kb3 Rd8 48.Nce5 Ra8 49.f5 Kg7 50.Nc4 Bxb4 51.Nxb4 Kf6
52.Ne3 Ke5 53.a4 Ke4 54.Nbd5 Kf3 55.Nd1 g3 56.fxg3 Kxg3 57.N1c3 Kxh4 58.Ne4 Kg4
59.f6 h4 60.Nf2+ Kf5 61.Kb4 Ke5 62.Nb6 Rd8 63.f7 Ke6 64.a5 Kxf7 65.a6 h3
66.a7 h2 67.Kc5 Ke6 68.Kc6 Rf8 69.Nh1 Kf5 70.a8=Q Rxa8 71.Nxa8 Kf4 72.Nb6 Kf3
73.Nc4 Kg2 74.Ne3+ Kxh1 75.Ng4  1/2-1/2

[Event "2nd Oscar Panno GM"]
[Site "Moron ARG"]
[Date "2013.05.13"]
[Round "2"]
[White "Ricardi,P"]
[Black "Obregon,A"]
[Result "1/2-1/2"]
[WhiteElo "2481"]
[BlackElo "2478"]

1.e4 c5 2.Nf3 d6 3.Bb5+ Nd7 4.O-O Nf6 5.Re1 a6 6.Bxd7+ Nxd7 7.c3 e6 8.d4 Be7
9.Bf4 O-O 10.a4 Qc7 11.Nbd2 b6 12.b4 Bb7 13.Rc1 c4 14.Qe2 b5 15.Ra1 Nb6 16.a5 Na4
17.Rec1 Nb2 18.Ne1 e5 19.Be3 f5 20.f3 d5 21.exd5 Bf6 22.Nf1 Na4 23.dxe5 Qxe5
24.Qd2 Nxc3 25.f4 Qxd5 26.Rxc3 Qxd2 27.Bxd2 Bd4+ 28.Ne3 Rad8 29.Kf1 Bf6 30.Ke2 Be4
31.Rac1 Rfe8 32.Nf3 Bxf3+ 33.gxf3 Rd4 34.R1c2 Rxf4 35.Kf2 Bd4 36.Bc1 Rh4
37.Kg3 f4+ 38.Kxh4 fxe3 39.Bxe3 Bxe3 40.Kg4 Bd4 41.Ra3 Bf6 42.f4 Re1 43.Kf3 Rb1
44.Re3 Rxb4 45.Re6 c3 46.Rxa6 Rb2 47.Rc1 Ra2 48.Rxf6 gxf6 49.Rxc3 Rxa5 50.Rc7  1/2-1/2

[Event "14th Euro Indiv 2013"]
[Site "Legnica POL"]
[Date "2013.05.14"]
[Round "9.71"]
[White "Caprio,G"]
[Black "Grigoryan,K2"]
[Result "0-1"]
[WhiteElo "2413"]
[BlackElo "2559"]

1.e4 c5 2.Nf3 d6 3.Bb5+ Nc6 4.O-O Bd7 5.c3 a6 6.Ba4 c4 7.d4 cxd3 8.Qxd3 g6
9.Rd1 Bg7 10.Qe2 Qa5 11.Bb3 Nf6 12.Na3 Qc7 13.Nc4 b5 14.e5 bxc4 15.exf6 Bxf6
16.Bxc4 O-O 17.Bxa6 Rfb8 18.h3 Qb6 19.Bc4 Na5 20.Bd5 Bc6 21.Bxc6 Nxc6 22.Qe4 Qa6
23.h4 Na5 24.Bg5 Bxg5 25.Nxg5 h6 26.Nf3 Qb7 27.Qe3 Kg7 28.b4 Nc6 29.a4 Rc8
30.a5 Na7 31.a6 Qc7 32.c4 Qxc4 33.Qxe7 Nb5 34.Rac1 Qxb4 35.Ne5 Qf4 36.Nd3 Qa4
37.Ra1 Qd4 38.g3 Re8 39.Qb7 Nc3 40.Re1 Ne2+ 41.Kg2 Qxd3 42.a7 d5  0-1

[Event "14th Euro Indiv 2013"]
[Site "Legnica POL"]
[Date "2013.05.14"]
[Round "9.56"]
[White "Svetushkin,D"]
[Black "Dragun,K"]
[Result "1-0"]
[WhiteElo "2588"]
[BlackElo "2520"]

1.e4 c5 2.Nf3 d6 3.Bb5+ Nd7 4.c3 Nf6 5.Qe2 a6 6.Ba4 g6 7.O-O Bg7 8.d4 cxd4
9.cxd4 b5 10.Bb3 e5 11.dxe5 dxe5 12.Nc3 O-O 13.Rd1 Qe7 14.Bg5 Bb7 15.Bd5 Nb6
16.Bxb7 Qxb7 17.Nxe5 Rae8 18.Qf3 Re6 19.Bxf6 Rxf6 20.Qg3 Re6 21.Nd3 Rc8 22.e5 Nc4
23.Re1 h6 24.f4 Qd7 25.Kh1 Qd4 26.Rad1 Qb6 27.Ne4 Rd8 28.b3 Na3 29.Nb4 Rxd1
30.Rxd1 Qc7 31.Qd3 Bf8 32.Nd5 Qc2 33.Ndf6+ Kg7 34.Qd8 Qe2 35.Qxf8+  1-0

[Event "2nd Oscar Panno GM"]
[Site "Moron ARG"]
[Date "2013.05.14"]
[Round "3"]
[White "Barbosa,Ev"]
[Black "Salinas Herrera,P"]
[Result "1-0"]
[WhiteElo "2441"]
[BlackElo "2396"]

1.e4 c5 2.Nf3 d6 3.Bb5+ Nd7 4.d4 Nf6 5.O-O cxd4 6.Qxd4 e5 7.Qd3 h6 8.c4 Be7
9.Nc3 O-O 10.Bxd7 Bxd7 11.Rd1 Be6 12.b3 a6 13.a4 Rc8 14.Ba3 Qa5 15.Ne1 Rfe8
16.Nc2 Nd7 17.Bb4 Qb6 18.a5 Qa7 19.Bxd6 Nc5 20.Qe3 Bg5 21.Bxc5 Rxc5 22.Qe1 Be7
23.Na4 Rc7 24.Ne3 Bf8 25.Nd5 Rc6 26.Rac1 Qb8 27.b4 Rd6 28.Nab6 Qd8 29.c5 Rc6
30.Nc4 Qg5 31.Qe3 Qh5 32.Qg3 Kh8 33.Nxe5  1-0

[Event "Victory Day Open 2013"]
[Site "Moscow RUS"]
[Date "2013.05.14"]
[Round "7.5"]
[White "Dvalishvili,P"]
[Black "Yeletsky,Ivan"]
[Result "1-0"]
[WhiteElo "2429"]
[BlackElo "2144"]

1.e4 c5 2.Nf3 d6 3.Bb5+ Bd7 4.Bxd7+ Qxd7 5.O-O Nc6 6.c3 Nf6 7.Re1 e6 8.d4 cxd4
9.cxd4 d5 10.e5 Ne4 11.Re2 Be7 12.Ne1 Rc8 13.Be3 f5 14.exf6 Bxf6 15.Nd2 Nd6
16.Nb3 O-O 17.Nf3 Ne4 18.Nfd2 Nd6 19.Nf3 Ne4 20.h3 b6 21.a3 g6 22.Bh6 Rfe8
23.Nh2 a5 24.Ng4 Bg7 25.a4 Kh8 26.Bxg7+ Qxg7 27.f3 Ng3 28.Re1 Nf5 29.Ne5 Nfxd4
30.Nxd4 Nxe5 31.f4 Nc6 32.Nxe6 Qd7 33.Ng5 Qf5 34.Rxe8+ Rxe8 35.Qd2 Kg8 36.Rc1 Rc8
37.Qe3 h6 38.Nf3 Nb4 39.Rc3 Rxc3 40.bxc3 Nd3 41.Qxb6 Nxf4 42.Qxa5 Nxh3+ 43.Kh2 Nf4
44.Qd8+ Kf7 45.Qc7+ Kg8 46.a5 Qg4 47.Qb8+ Kg7 48.Qb2 Qc8 49.Qb6 Qg4 50.Qf2 Ne6
51.a6 Qf4+ 52.g3 Qf8 53.a7 d4 54.Qe2 Qc8 55.Qe5+ Kh7 56.Qb8 Qa6 57.a8=Q Qe2+
58.Kh1  1-0

[Event "VIII American Continental 2013"]
[Site "Cochabamba BOL"]
[Date "2013.05.15"]
[Round "11.26"]
[White "Nunez Marquina,Nataly Massiel"]
[Black "Saavedra,Carlos"]
[Result "0-1"]
[WhiteElo "1942"]
[BlackElo "2179"]

1.e4 c5 2.Nf3 d6 3.Bb5+ Nd7 4.O-O a6 5.Bxd7+ Bxd7 6.d4 Bg4 7.Be3 cxd4 8.Bxd4 Nf6
9.Re1 e6 10.c4 Be7 11.Nc3 O-O 12.Rc1 Nd7 13.b3 Qa5 14.h3 Bh5 15.Qd3 Ne5 16.Qe3 Bxf3
17.Bxe5 dxe5 18.Qxf3 Rad8 19.Red1 Bb4 20.Rxd8 Rxd8 21.a4 Rd2 22.Nb1 Rb2 23.Rd1 Bc5
24.Qd3 Bxf2+ 25.Kh2 Bd4 26.Nd2 Qb6 27.Rb1 Rxb1 28.Qxb1 g6 29.Nf3 f5 30.Qd3 Qc5
31.b4 Qxb4 32.Nxd4 Qd6 33.Qg3 Qxd4 34.exf5 exf5 35.Qb3 Qd7 36.c5+ Kg7 37.Qb6 e4
38.Qb2+ Kg8 39.Qb3+ Kg7 40.Qb6 Qe7 41.Qb3 Kf8 42.Qc3 Ke8 43.Qh8+ Kd7 44.Qd4+ Kc6
45.Qh8 e3  0-1

[Event "14th Euro Indiv 2013"]
[Site "Legnica POL"]
[Date "2013.05.15"]
[Round "10.89"]
[White "Zawadzka,J"]
[Black "Pavlidis,Ant"]
[Result "0-1"]
[WhiteElo "2383"]
[BlackElo "2479"]

1.e4 c5 2.Nf3 d6 3.Bb5+ Nc6 4.Bxc6+ bxc6 5.O-O e5 6.c3 f5 7.exf5 Bxf5 8.d4 cxd4
9.cxd4 e4 10.Qc2 Rc8 11.Nc3 d5 12.Ne5 Bd6 13.f3 Ne7 14.fxe4 Bxe5 15.dxe5 dxe4
16.Bg5 O-O 17.Qb3+ Kh8 18.Rad1 Qe8 19.Rd6 Ng6 20.e6 h6 21.Be3 Qe7 22.Rd7 Qxe6
23.Qxe6 Bxe6 24.Rxa7 Rxf1+ 25.Kxf1 Rf8+ 26.Ke1 Nh4 27.Re7 Nxg2+ 28.Kd2 Rd8+
29.Ke2 Bc4+ 30.Kf2 Nxe3 31.Kxe3 Rd3+ 32.Kxe4 Rd2 33.Rb7 Rxh2 34.a4 Bf1 35.Kf4 Rh4+
36.Kg3 Rd4 37.a5 Kh7 38.Rb6 h5 39.a6 h4+ 40.Kh2 Rd2+ 41.Kg1 Bg2 42.a7 c5
43.Rb8 h3 44.a8=Q h2+ 45.Kxh2 Bxa8+ 46.Kg3 Rg2+ 47.Kf4 Bc6 48.Rc8 Rg6 49.b3 Rf6+
50.Kg5 Rd6 51.Kf4 Rf6+ 52.Kg5 Re6 53.Na4 c4 54.Kf4 cxb3 55.Nc5 Rf6+ 56.Ke5 Bb7
57.Rd8 b2 58.Rd1 Rc6 59.Nd3 Rc2 60.Rb1 Re2+ 61.Kd4 Be4 62.Kc3 Re3 63.Kd4 Bxd3
64.Rxb2 Rh3  0-1

[Event "14th Euro Indiv 2013"]
[Site "Legnica POL"]
[Date "2013.05.15"]
[Round "10.69"]
[White "Kislinsky,A"]
[Black "Antipov,M2"]
[Result "1-0"]
[WhiteElo "2574"]
[BlackElo "2464"]

1.e4 c5 2.Nf3 d6 3.Bb5+ Nd7 4.O-O a6 5.Bxd7+ Bxd7 6.c3 Bc6 7.Re1 Nf6 8.d4 Bxe4
9.Bg5 d5 10.Nbd2 Bxf3 11.Qxf3 e6 12.Bxf6 gxf6 13.c4 Bh6 14.Nb3 dxc4 15.d5 O-O
16.dxe6 fxe6 17.Nxc5 Qd5 18.Qa3 e5 19.Rad1 Qf7 20.Qh3 Qg6 21.Nxb7 Rab8 22.Nd6 Rxb2
23.Nf5 Kh8 24.Nxh6  1-0

[Event "14th Euro Indiv 2013"]
[Site "Legnica POL"]
[Date "2013.05.15"]
[Round "10.6"]
[White "Hracek,Z"]
[Black "Movsesian,S"]
[Result "1/2-1/2"]
[WhiteElo "2628"]
[BlackElo "2693"]

1.e4 c5 2.Nf3 d6 3.Bb5+ Bd7 4.Bxd7+ Qxd7 5.c4 Nf6 6.Nc3 g6 7.d4 cxd4 8.Nxd4 Bg7
9.O-O O-O 10.f3 Rc8 11.b3 d5 12.exd5 Nxd5 13.Nxd5 e6 14.Bh6 exd5 15.Bxg7 Kxg7
16.Nb5 dxc4 17.Nd6 Rd8 18.Nxb7 Qxd1 19.Rfxd1 Rxd1+ 20.Rxd1 cxb3 21.axb3 Nc6
22.Rd7 a5 23.Rd6 Rc8 24.Rd7 Ra8 25.Rd6 Rc8 26.Rd7 Ra8  1/2-1/2

[Event "Supreme Masters 2013"]
[Site "Sandnes NOR"]
[Date "2013.05.15"]
[Round "7.1"]
[White "Svidler,P"]
[Black "Topalov,V"]
[Result "1/2-1/2"]
[WhiteElo "2769"]
[BlackElo "2793"]

1.e4 c5 2.Nf3 d6 3.Bb5+ Nd7 4.O-O Nf6 5.d4 cxd4 6.Qxd4 a6 7.Bxd7+ Bxd7 8.Bg5 e6
9.Nbd2 Bc6 10.Rfd1 Be7 11.e5 dxe5 12.Qxd8+ Rxd8 13.Nxe5 Rd5 14.Ndf3 Rxd1+
15.Rxd1 Be4 16.Rd4 Bxf3 17.Nxf3 Nd5 18.c4 Nb4 19.Bxe7 Kxe7 20.Ne5 Rd8 21.Rxd8 Kxd8
22.a3 Nc6 23.Nxc6+ bxc6 24.f4 c5 25.b4 a5 26.b5 f5 27.Kf2 a4 28.Kg3 g6 29.Kh4 h6
30.g4 Kd7 31.gxf5 exf5 32.Kg3 Kc7 33.h4 h5 34.Kf2  1/2-1/2

[Event "Somov Memorial 2013"]
[Site "Kirishi RUS"]
[Date "2013.05.17"]
[Round "10.6"]
[White "Chigaev,M"]
[Black "Artemiev,V"]
[Result "1/2-1/2"]
[WhiteElo "2455"]
[BlackElo "2524"]

1.e4 c5 2.Nf3 d6 3.Bb5+ Bd7 4.Bxd7+ Qxd7 5.O-O Nc6 6.c3 Nf6 7.Re1 e6 8.d4 cxd4
9.cxd4 d5 10.e5 Ne4 11.Nbd2 Nxd2 12.Bxd2 Be7 13.Rc1 O-O 14.Bg5 Bb4 15.Bd2 Be7
16.Bg5 Bb4 17.Bd2 Be7 18.Bg5  1/2-1/2

[Event "Asian Continental 2013"]
[Site "Manila PHI"]
[Date "2013.05.18"]
[Round "1.19"]
[White "Bancod,Ron"]
[Black "Arun Prasad,S"]
[Result "0-1"]
[WhiteElo "2290"]
[BlackElo "2521"]

1.e4 c5 2.Nf3 d6 3.Bb5+ Nd7 4.c4 a6 5.Bxd7+ Bxd7 6.Nc3 Nf6 7.d4 cxd4 8.Qxd4 e6
9.Bg5 Be7 10.e5 dxe5 11.Nxe5 h6 12.Be3 Qc7 13.f4 O-O 14.O-O-O Bc6 15.Rhg1 Rfd8
16.Qb6 Rxd1+ 17.Rxd1 Qxb6 18.Bxb6 Rc8  0-1

[Event "Portuguese Team Cup 2012-13"]
[Site "Vila Nova de Famalicao POR"]
[Date "2013.05.18"]
[Round "1.2"]
[White "Aguiar,H"]
[Black "Pena Gomez,M"]
[Result "0-1"]
[WhiteElo "2103"]
[BlackElo "2412"]

1.e4 c5 2.Nf3 d6 3.Bb5+ Bd7 4.Bxd7+ Qxd7 5.c4 Nc6 6.Nc3 Nf6 7.d4 cxd4 8.Nxd4 e6
9.O-O Be7 10.Be3 O-O 11.Qe2 b6 12.Rfd1 Rfd8 13.Rac1 Rac8 14.b3 Qb7 15.f3 a6
16.Kh1 Nd7 17.Qf2 Nxd4 18.Bxd4 b5 19.cxb5 axb5 20.Qe2 Bg5 21.Be3 Bxe3 22.Qxe3 b4
23.Na4 Qa6 24.h3 h5 25.Rxc8 Rxc8 26.Qd3 Qxd3 27.Rxd3 Rc1+ 28.Kh2 Rc2 29.f4 Nf6
30.Rxd6 Nxe4 31.Rd4 Nd2 32.Kg1 Rxa2 33.Rxb4 Nxb3 34.Rxb3 Rxa4 35.Rf3 h4 36.g3 Ra1+
37.Kg2 Ra2+ 38.Kg1 hxg3 39.Rxg3 g6 40.Rb3 Kg7 41.Rb4 Kf6 42.Rc4 Kf5 43.Rb4 f6
44.Rc4 Re2  0-1

[Event "BSG Pinkstertoernooi 2013"]
[Site "Bussum NED"]
[Date "2013.05.19"]
[Round "5.23"]
[White "Rose,K"]
[Black "Beerdsen,Thomas"]
[Result "0-1"]
[WhiteElo "1996"]
[BlackElo "2090"]

1.e4 c5 2.Nf3 d6 3.Bb5+ Nc6 4.d4 cxd4 5.Nxd4 Bd7 6.O-O Nf6 7.Nc3 g6 8.f3 Bg7
9.Be3 O-O 10.Qd2 Rc8 11.Nxc6 bxc6 12.Bc4 Qc7 13.Rad1 Rfd8 14.Qf2 Be8 15.Bxa7 c5
16.Bxc5 Qxc5 17.Qxc5 Rxc5 18.Bb3 Bc6 19.Rf2 Nd7  0-1

[Event "Open Hradec Kralove 2013"]
[Site "Hradec Kralove CZE"]
[Date "2013.05.19"]
[Round "6"]
[White "Kotva,M"]
[Black "Rojikova,Lenka"]
[Result "0-1"]
[WhiteElo "1996"]
[BlackElo "1852"]

1.e4 c5 2.Nf3 d6 3.Bb5+ Bd7 4.Bxd7+ Qxd7 5.O-O Nc6 6.b3 Nf6 7.d3 g6 8.Bb2 Bg7
9.Nbd2 O-O 10.a4 Qc7 11.Nc4 Nd7 12.Bxg7 Kxg7 13.Ne3 Nde5 14.Nd2 e6 15.f4 Nd7
16.Qe1 Nf6 17.Qh4 Qd8 18.g4 h6 19.Qg3 d5 20.e5 Nd7 21.Rae1 f6 22.exf6+ Nxf6
23.Ng2 Qd7 24.Nh4 Rae8 25.f5 exf5 26.gxf5 g5 27.Ng2 Rxe1 28.Qxe1 Nd4 29.Ne3 Nh5
30.c4 dxc4 31.Nexc4 Nxf5 32.Qe5+ Kg8 33.Ne4 Qd4+ 34.Kh1 Qxe5 35.Nxe5 Nfg3+
36.hxg3 Rxf1+ 37.Kg2 Rc1 38.Kf3 Kg7 39.Nd7 Kf7 40.Ndxc5 b6 41.Nd6+ Ke7 42.Nce4 Nf6
43.Nf5+ Kf7 44.Nxh6+ Kg6 45.Nxf6 Kxf6 46.Ng4+ Ke6 47.Nf2 Rc3 48.b4 Rb3 49.b5 Ra3
50.g4 Kf6 51.Ke4 Rxa4+ 52.Kd5 Rf4 53.Ne4+ Kg6 54.Nd6 Rxg4 55.Nc8 Ra4 56.d4 g4
57.Ke4 Kf6  0-1

[Event "Asian Continental 2013"]
[Site "Manila PHI"]
[Date "2013.05.19"]
[Round "2.24"]
[White "Nazario,M"]
[Black "Nolte,R"]
[Result "1/2-1/2"]
[WhiteElo "2023"]
[BlackElo "2453"]

1.e4 c5 2.Nf3 d6 3.Bb5+ Nd7 4.O-O Nf6 5.c4 a6 6.Ba4 Nxe4 7.Re1 Nf6 8.d4 cxd4
9.Nxd4 g6 10.Nf3 Bg7 11.Qxd6 O-O 12.Qxe7 Qxe7 13.Rxe7 Nc5 14.Bc2 Be6 15.Rc7 Rac8
16.Rxc8 Rxc8 17.Na3 Nfe4 18.Rb1 b5 19.cxb5 axb5 20.Bxe4 Nxe4 21.Nxb5 Bxa2
22.Ra1 Bd5 23.Nbd4 Nc5 24.Be3 Nd3 25.Ra5 Bxf3 26.Nxf3 Nxb2 27.g3 Nc4 28.Rc5 Rxc5
29.Bxc5 Ne5 30.Nxe5 Bxe5 31.Kg2 f5 32.Be3 Kf7 33.h4 Ke6 34.f3 Kd5 35.g4 fxg4
36.fxg4 Ke4 37.Bh6 Bf6 38.h5 gxh5 39.gxh5 Kf5 40.Kf3  1/2-1/2

[Event "ch-Africa Open 2013"]
[Site "Tunis TUN"]
[Date "2013.05.19"]
[Round "2.2"]
[White "Belkhodja,S"]
[Black "Adly,A"]
[Result "1/2-1/2"]
[WhiteElo "2444"]
[BlackElo "2594"]

1.e4 c5 2.Nf3 d6 3.Bb5+ Bd7 4.c4 Nf6 5.Nc3 Bxb5 6.cxb5 e6 7.d4 cxd4 8.Qxd4 Be7
9.O-O O-O 10.Bg5 a6 11.Rfd1 axb5 12.Nxb5 Nc6 13.Qe3 d5 14.Nc3 Ra5 15.Qe2 h6
16.Bh4 Nxe4 17.Bxe7 Nxc3 18.bxc3 Qxe7 19.c4 dxc4 20.Qxc4 Rfa8 21.Rd2 Ra4
22.Qe2 Nb4 23.g3 Qf6 24.Rb1 b6 25.Rbb2 Nd5 26.Kg2 Qf5 27.h3 Ra3 28.Nd4 Qg6
29.Qg4 Qf6 30.Nb5 R3a4 31.Qf3 Qg6 32.Nc3 R4a5 33.Nxd5 exd5 34.Rxd5 Rxa2 35.Rdb5 R8a3
36.Qb7 Rxb2 37.Rxb2 Ra1 38.h4 Rb1 39.h5 Qd3 40.Qc8+ Kh7 41.Qc2 Qxc2 42.Rxc2 g6
43.hxg6+ Kxg6 44.Rc6+ Kg7 45.g4 Rb3 46.f3 b5 47.Rb6 b4 48.Kg3 Rb1 49.Kf4 b3
50.Kf5 b2 51.f4 Kg8 52.Rb7 Kg7 53.Rb8 Kh7 54.Rb7 Kg8 55.Rb6 Kh7 56.Rb7  1/2-1/2

[Event "7th IBC Limburg Open"]
[Site "Limburg NED"]
[Date "2013.05.20"]
[Round "6.5"]
[White "Johannessen,LE"]
[Black "Goudriaan,E"]
[Result "1-0"]
[WhiteElo "2518"]
[BlackElo "2374"]

1.e4 c5 2.Nf3 d6 3.Bb5+ Nd7 4.O-O a6 5.Bd3 Ngf6 6.c3 Ne5 7.Nxe5 dxe5 8.Qe2 g6
9.a4 Nh5 10.g3 Qd7 11.a5 Qc7 12.Bc4 Bh3 13.Rd1 Bh6 14.b4 Rc8 15.Na3 cxb4
16.cxb4 O-O 17.Bb2 Ng7 18.d4 exd4 19.Bxd4 Ne6 20.Bb6 Qe5 21.Bd5 Rc3 22.Bxb7 Rb3
23.Nc2 Rb2 24.Rab1 Rb8 25.Rxb2 Qxb2 26.Bxa6 Qc3 27.Ne3 Qxb4 28.Nd5 Qa3 29.Qd3 Qd6
30.e5 Qxe5 31.Nxe7+ Kg7 32.Nc6  1-0

[Event "2nd Jan Van Leeuwen Memorial"]
[Site "Ghent BEL"]
[Date "2013.05.21"]
[Round "9.2"]
[White "Van Melkebeke,W"]
[Black "Van der Stricht,G"]
[Result "1/2-1/2"]
[WhiteElo "1988"]
[BlackElo "2379"]

1.e4 c5 2.Nf3 d6 3.Bb5+ Bd7 4.Bxd7+ Nxd7 5.O-O Ngf6 6.Qe2 e6 7.b3 Be7 8.Bb2 O-O
9.c4 Re8 10.d4 cxd4 11.Nxd4 a6 12.Nc3 Rc8 13.Rad1 Qc7 14.Kh1 Bf8 15.f4 Qb8
16.Nf3 Rcd8 17.e5 dxe5 18.fxe5 Ng4 19.Ne4 Ndxe5 20.Rxd8 Rxd8 21.Nxe5 Nxe5
22.Qh5 f6 23.Rxf6 gxf6 24.Nxf6+ Kg7 25.Ne8+ Kg8 26.Nf6+ Kg7 27.Ne8+  1/2-1/2

[Event "Asian Continental 2013"]
[Site "Manila PHI"]
[Date "2013.05.21"]
[Round "4.24"]
[White "Goh Weiming"]
[Black "Docena,Jerad"]
[Result "1/2-1/2"]
[WhiteElo "2449"]
[BlackElo "2055"]

1.e4 c5 2.Nf3 d6 3.Bb5+ Nc6 4.O-O Bd7 5.Re1 Nf6 6.c3 a6 7.Bf1 Bg4 8.h3 Bh5
9.g4 Bg6 10.d4 Bxe4 11.Rxe4 Nxe4 12.d5 Nf6 13.dxc6 bxc6 14.Bg2 Qb6 15.Na3 g6
16.Nc4 Qc7 17.Qa4 Rc8 18.g5 Nd7 19.Bf4 e5 20.Bg3 Be7 21.Qxa6 O-O 22.Qa4 Rfe8
23.h4 Nb6 24.Nxb6 Qxb6 25.Qb3 Qxb3 26.axb3 Ra8 27.Rxa8 Rxa8 28.Nd2 Ra6 29.Nc4 Kg7
30.f4 e4 31.f5 gxf5 32.Bxd6 Bxd6 33.Nxd6 Kg6 34.Bh3 Kh5 35.Bxf5 e3 36.Kf1 Kxh4
37.Ne4 Ra2 38.Ke2 Rxb2+ 39.Kxe3 Rxb3 40.Kf4 Rb1 41.Nd2 Rc1 42.Bg4 Rxc3 43.Nf3+ Rxf3+
44.Bxf3 c4 45.Bxc6 Kh5 46.Be4  1/2-1/2

[Event "22nd TCh-CRO Cup 2013"]
[Site "Bol na Bracu CRO"]
[Date "2013.05.22"]
[Round "1.72"]
[White "Lasic,L"]
[Black "Golubovic,B"]
[Result "1/2-1/2"]
[WhiteElo "2272"]
[BlackElo "2424"]

1.e4 c5 2.Nf3 d6 3.Bb5+ Bd7 4.Bxd7+ Qxd7 5.O-O Nf6 6.Re1 Nc6 7.c3 e6 8.d4 cxd4
9.cxd4 d5 10.e5 Ne4 11.a3 Be7 12.Nbd2 Nxd2 13.Bxd2 O-O 14.b4 a6 15.Qb3 Rac8
16.Rac1 Na7 17.h4 Rxc1 18.Rxc1 Rc8 19.Rc3  1/2-1/2

[Event "ch-CZE 2013"]
[Site "Ledec nad Sazavou CZE"]
[Date "2013.05.23"]
[Round "3.3"]
[White "Kislinsky,A"]
[Black "Babula,V"]
[Result "1/2-1/2"]
[WhiteElo "2574"]
[BlackElo "2591"]

1.e4 c5 2.Nf3 d6 3.Bb5+ Nd7 4.O-O a6 5.Bxd7+ Bxd7 6.Re1 Nf6 7.c3 Bc6 8.d4 cxd4
9.cxd4 Bxe4 10.Nc3 Bxf3 11.Qxf3 e6 12.Qxb7  1/2-1/2

[Event "ch-CZE 2013"]
[Site "Ledec nad Sazavou CZE"]
[Date "2013.05.23"]
[Round "3.2"]
[White "Krejci,Jan2"]
[Black "Bernasek,J"]
[Result "1/2-1/2"]
[WhiteElo "2505"]
[BlackElo "2537"]

1.e4 c5 2.Nf3 d6 3.Bb5+ Nd7 4.d4 cxd4 5.Qxd4 a6 6.Bxd7+ Bxd7 7.O-O Rc8 8.a4 e5
9.Qd3 Qc7 10.Nc3 Qc4 11.Rd1 Qxd3 12.cxd3 Nf6 13.Bg5 Be7 14.Bxf6 Bxf6 15.Nd5 Be6
16.Rac1  1/2-1/2

[Event "Chicago Open 2013"]
[Site "Wheeling USA"]
[Date "2013.05.25"]
[Round "4.13"]
[White "Santarius,E"]
[Black "Diamant,A"]
[Result "0-1"]
[WhiteElo "2292"]
[BlackElo "2479"]

1.e4 c5 2.Nf3 d6 3.Bb5+ Nc6 4.c3 Nf6 5.Qe2 Bg4 6.h3 Bxf3 7.Qxf3 Qb6 8.Ba4 g6
9.O-O Bg7 10.d3 O-O 11.Nd2 Qc7 12.Qe2 Rab8 13.Nf3 b5 14.Bb3 Na5 15.Bc2 Rfc8
16.Be3 b4 17.cxb4 Rxb4 18.b3 Nd7 19.Rac1 Nc6 20.Bb1 Qd8 21.Rfd1 Nd4 22.Nxd4 Bxd4
23.Rc4 Bxe3 24.Qxe3 Qb6 25.Rxb4 Qxb4 26.Rc1 Qb7 27.Bc2 Ne5 28.Bd1 Nc6 29.Bg4 e6
30.h4 h5 31.Bd1 Qe7 32.g3 Qf6 33.Kg2 Rb8 34.Qd2 Kg7 35.Rc4 a5 36.f4 e5 37.Rc1 exf4
38.Qxf4 Qd4 39.Qd2 Ne5 40.Be2 a4 41.Qc3 Qe3 42.Rc2 axb3 43.axb3 Rb4 44.Qd2 Qxd2
45.Rxd2 Rxb3 46.d4 cxd4 47.Rxd4 Rb6 48.Ra4 Kf6 49.Kf2 Nd7 50.Ra7 Nc5 51.Bf3 Rb2+
52.Ke3 Rb3+ 53.Ke2 Rc3 54.Rc7 Nxe4 55.Rxc3 Nxc3+ 56.Kd3 Nb5  0-1

[Event "TCh-POL Ekstraliga 2013"]
[Site "Wroclaw POL"]
[Date "2013.05.25"]
[Round "2"]
[White "Przybylski,W"]
[Black "Kanarek,M"]
[Result "1-0"]
[WhiteElo "2327"]
[BlackElo "2474"]

1.e4 c5 2.Nf3 d6 3.Bb5+ Bd7 4.Bxd7+ Qxd7 5.c4 Nc6 6.d4 cxd4 7.Nxd4 Nf6 8.Nc3 g6
9.h3 Bg7 10.Be3 O-O 11.O-O Rfc8 12.b3 Qd8 13.Rc1 Qa5 14.f4 a6 15.Qf3 Nd7
16.Nxc6 bxc6 17.Na4 c5 18.Rcd1 Qc7 19.e5 dxe5 20.Rxd7 Qxd7 21.Nb6 Qa7 22.Nxa8 Rxa8
23.fxe5 e6 24.Qc6 Bxe5 25.Bxc5 Bd4+ 26.Bxd4 Qxd4+ 27.Kh1 Rd8 28.Qb7 f5 29.Qxa6 Qe4
30.Qa5 Rd3 31.Kh2 Kg7 32.Qc7+ Kg8 33.Qf4 Qe2 34.Qf2 Qe5+ 35.Qf4 Qe2 36.Qf2 Qe5+
37.Kg1 Qc3 38.Qf4 e5 39.Qg5 Qd4+ 40.Kh2 Qe4 41.c5 f4 42.c6 Rg3 43.Qd8+ Kg7
44.Rf2 Qe1 45.Qe7+ Kh6 46.Qh4+ Kg7 47.Qe7+ Kh6 48.Rxf4 Rxh3+ 49.Kxh3 Qh1+
50.Kg3 exf4+ 51.Kxf4 Qc1+ 52.Kg4 Qd1+ 53.Kg3 Qd3+ 54.Kh2 Qf5 55.Qh4+ Kg7
56.Qd4+ Kh6 57.Qe3+ Kg7 58.c7 Qh5+ 59.Kg3 Qf5 60.Qd4+  1-0

[Event "Asian Continental w 2013"]
[Site "Manila PHI"]
[Date "2013.05.26"]
[Round "9.3"]
[White "Ni,Shiqun"]
[Black "Gomes,Mary"]
[Result "0-1"]
[WhiteElo "2213"]
[BlackElo "2387"]

1.e4 c5 2.Nf3 d6 3.Bb5+ Nd7 4.O-O Nf6 5.Re1 a6 6.Bf1 b6 7.d4 cxd4 8.Nxd4 Bb7
9.c4 e6 10.Nc3 Be7 11.f3 O-O 12.Be3 Qc7 13.Rc1 Rad8 14.a3 Rfe8 15.b4 Qb8
16.Na4 Rc8 17.Kh1 Bf8 18.Nb3 Bc6 19.Nb2 a5 20.Qd2 axb4 21.axb4 d5 22.cxd5 exd5
23.b5 Bb7 24.Bf4 Bd6 25.Bxd6 Qxd6 26.Nc4 Qb8 27.exd5 Bxd5 28.Rxe8+ Rxe8 29.Nd4 Nc5
30.Nf5 h6 31.Rd1 Qc7 32.Qd4 Kh7 33.Nce3 Re5 34.Qh4 Be6 35.g4 Bxf5 36.Nxf5 Rd5
37.Re1 Qf4 38.Qg3 Qb4 39.Re7 Qb1 40.Ne3 Rd3 41.Kg2 Rd2+ 42.Kg1 Ne6 43.Rxf7 Nd4
44.Qh3 Qe1 45.Re7 Qf2+ 46.Kh1 Nxf3 47.Qg2 Qh4 48.Be2 Nd4 49.Nf5 Nxf5 50.gxf5 Ng4
51.f6 Nf2+ 52.Kg1 Nh3+ 53.Kh1 Qxf6 54.Bd3+ Rxd3 55.Rxg7+ Qxg7 56.Qe4+ Qg6
57.Qe7+ Qg7 58.Qe4+ Kg8 59.Qe6+ Qf7 60.Qg6+ Kf8 61.Qxh6+ Ke7 62.Qh4+ Kd7
63.Qg4+ Kc7  0-1